Financovanie regionálneho školstva
Zákon č. 597/2003 Z.z. o financovaní základných škôl, stredných škôl a školských zariadení zásadne mení financovanie regionálneho školstva. Normatívne financovanie. Nenormatívne prostriedky. Garantované minimum. Nariadenie vlády. Určovanie normatívov.
Gespeichert in:
| Format: | Buchkapitel |
|---|---|
| Sprache: | Slowakisch |
| Schlagworte: | |
| Tags: |
Keine Tags, Fügen Sie das erste Tag hinzu!
|
MARC
| LEADER | 00000naa$a2200000$$$4500 | ||
|---|---|---|---|
| 001 | 0011391 | ||
| 005 | 20231016083407.7 | ||
| 041 | 0 | |a slo | |
| 044 | |a SK | ||
| 245 | 1 | 0 | |a Financovanie regionálneho školstva |
| 520 | |a Zákon č. 597/2003 Z.z. o financovaní základných škôl, stredných škôl a školských zariadení zásadne mení financovanie regionálneho školstva. Normatívne financovanie. Nenormatívne prostriedky. Garantované minimum. Nariadenie vlády. Určovanie normatívov. | ||
| 610 | 2 | 0 | |a školstvo |
| 610 | 2 | 0 | |a školy stredné |
| 610 | 2 | 0 | |a školy základné |
| 610 | 2 | 0 | |a zariadenia školské |
| 610 | 2 | 0 | |a regióny |
| 610 | 2 | 0 | |a financovanie |
| 610 | 2 | 0 | |a normatívy |
| 610 | 2 | 0 | |a zákony |